banner koha

BRS Milena: cultivar de soja de ciclo medio de alta produtividade para o cerrado (Registro n. 165303)

MARC details
000 -LÍDER
campo de controle de tamanho fixo 00935nas a2200313 4500
001 - NÚMERO DE CONTROLE
campo de controle BR0100453
003 - IDENTIFICADOR DO NÚMERO DE CONTROLE
campo de controle BR-BrBNA
005 - DATA E HORÁRIO DA ÚLTIMA TRANSAÇÃO
campo de controle 20231205102024.0
007 - CAMPO FIXO DE DESCRIÇÃO FÍSICA--INFORMAÇÃO GERAL
campo de controle de tamanho fixo ta
008 - CAMPO DE DADOS FIXOS--INFORMAÇÃO GERAL
campo de controle de tamanho fixo 230509b bl.|||p| |||| 00| 00por d
040 ## - FONTE DA CATALOGAÇÃO
Instituição da catalogação original BR-BrBNA
Idioma da catalogação por
Instituição que transcreveu o registro Biblioteca Nacional de Agricultura
041 ## - CÓDIGO DE IDIOMA
Código do idioma do texto/trilha sonora ou título diferente (Pt)
072 ## - CÓDIGO DE CATEGORIA DE ASSUNTO
Código de Categoria de Assunto F30; F01
100 1# - ENTRADA PRINCIPAL--NOME PESSOAL
Nome pessoal Souza, P.I. de M. de
100 1# - ENTRADA PRINCIPAL--NOME PESSOAL
Nome pessoal Moreira, C.T.
100 1# - ENTRADA PRINCIPAL--NOME PESSOAL
Nome pessoal Spehar, C.R.
100 1# - ENTRADA PRINCIPAL--NOME PESSOAL
Nome pessoal Kiihl, R.S.
100 1# - ENTRADA PRINCIPAL--NOME PESSOAL
Nome pessoal Almeida, L.A.
100 1# - ENTRADA PRINCIPAL--NOME PESSOAL
Nome pessoal Farias Neto, A.L.
100 1# - ENTRADA PRINCIPAL--NOME PESSOAL
Nome pessoal Urben Filho, G.
100 1# - ENTRADA PRINCIPAL--NOME PESSOAL
Nome pessoal Faria, L.C.
245 1# - TÍTULO
Título BRS Milena: cultivar de soja de ciclo medio de alta produtividade para o cerrado
650 ## - ASSUNTO--TERMO TÓPICO
Cabeçalho tópico ou nome geográfico Soja
650 ## - ASSUNTO--TERMO TÓPICO
Cabeçalho tópico ou nome geográfico Produtividade
650 ## - ASSUNTO--TERMO TÓPICO
Cabeçalho tópico ou nome geográfico Variedade Resistente
773 0# - ENTRADA ANALÍTICA
Título Pesquisa Agropecuaria Brasileira (Brazil)
ISSN - International Standard Serial Number ISSN 0100-204X
Partes relacionadas (Aug 2000), v. 35(8) p. 1695-1699
Número de controle do registro BR0100453
909 ## -
-- 202311
-- Lúcia
-- 55
-- Lúcia Elande
942 ## - ELEMENTOS DE ENTRADA ADICIONADOS (KOHA)
Fonte da classificação ou esquema de arquivamento na estante Classificação AGRIS
Ocultar no OPAC Não
Tipo de material Koha Analítica
Exemplares
Situação do descarte Fonte da classificação ou esquema de arquivamento na estante Situação física Não pode ser emprestado Biblioteca de origem Biblioteca atual Localização na estante Enumeração do periódico / cronologia Total de empréstimos Data de último acesso Número do exemplar Tipo de material Koha Fonte de aquisição
  Classificação AGRIS   Consulta local Biblioteca Nacional de Agricultura - Binagri Biblioteca Nacional de Agricultura - Binagri   (Aug 2000), v. 35(8) p. 1695-1699   29/11/2023 01 Periódicos Portaria Interministerial nº 164/94

BINAGRI

Telefone: (61)3218-2567/2388/3357/2097 - binagri@agro.gov.br

Ministério da Agricultura e Pecuária , Esplanada dos Ministérios, Bloco D, Anexo B, Brasília/DF, CEP: 70.043-900